| 000 | 00000nam 2200000zi 4500 |
| 001 | 9.920918 |
| 003 | CaOODSP |
| 005 | 20240131140920 |
| 006 | m o d f |
| 007 | cr bn||||||||| |
| 008 | 230213e199204##quc ob f000 0 fre d |
| 040 | |aCaOODSP|bfre|erda|cCaOODSP |
| 043 | |an-cn-qu |
| 086 | 1 |aEn40-1090/1992F-PDF |
| 100 | 1 |aBertrand, Marie-JoseĢe, |eauteur. |
| 245 | 10|aBilan des interventions sur les terrains fédéraux contaminés au Québec / |cpar Marie-Josée Bertrand et Loraine Pichette. |
| 264 | 1|a[Montréal?] : |bEnvironnement Canada, Protection de l'environnement, Région du Québec, |cavril 1992. |
| 300 | |a1 ressource en ligne (iii, 33 pages, 39 pages non numérotées) |
| 336 | |atexte|btxt|2rdacontent/fre |
| 337 | |ainformatique|bc|2rdamedia/fre |
| 338 | |aressource en ligne|bcr|2rdacarrier/fre |
| 500 | |aTitre de la couverture. |
| 500 | |aÉdition numérisée de l’imprimé [par Environnement et changement climatique Canada]. |
| 504 | |aComprend des références bibliographiques (pages 28-33). |
| 520 | |a« Ce document présente un bilan des interventions qui ont été effectuées sur les terrains fédéraux contaminés jusqu'en 1992, témoignant des orientations successives d'Environnement Canada à ce chapitre depuis cette époque. Il fut rédigé pour la première fois en 1991 puis mis à jour par la suite » -- Introduction, page 1. |
| 650 | 6|aDépôts de déchets dangereux|xAspect de l'environnement|zQuébec (Province) |
| 650 | 6|aDomaine public|xAspect de l'environnement|zQuébec (Province) |
| 650 | 0|aHazardous waste sites|xEnvironmental aspects|zQuébec (Province) |
| 650 | 0|aGovernment property|xEnvironmental aspects|zQuébec (Province) |
| 710 | 1 |aCanada. |bEnvironnement Canada. |bRégion du Québec. |bDirection de la protection de l'environnement, |eorganisme de publication. |
| 795 | |tBilan des interventions sur les terrains fédéraux contaminés au Québec / |bseptembre 1991|w(CaOODSP)9.920917 |
| 856 | 40|qPDF|s2.59 Mo|uhttps://publications.gc.ca/collections/collection_2024/eccc/en40/En40-1090-1992-fra.pdf |